| 000 | 00389nam a22001217a 4500 | ||
|---|---|---|---|
| 999 |
_c10050 _d10050 |
||
| 003 | OSt | ||
| 008 | 201218b ||||| |||| 00| 0 eng d | ||
| 245 | _aClaro : Mechanical Engineering | ||
| 250 | _a2014(Jan-Mar Vol.2014, Apr-Jun Vol.2014, Jul-Sep Vol.2014, Oct-Dec Vol.2014) | ||
| 260 |
_aAhmedabad _bClaro Publications Private Limited |
||
| 650 | _aMechanical Engineering | ||
| 942 |
_2ddc _cBV |
||